Pitchfork 10s: Artists - Statistics

General Stats
  • This quiz has been taken 431 times
  • The average score is 10 of 19
Answer Stats
Release Year Album Artist % Correct
1997 OK Computer Radiohead
93%
1966 Revolver The Beatles
88%
2010 My Beautiful Dark Twisted Fantasy Kanye West
77%
1985 Hounds of Love Kate Bush
60%
1975 Blood on the Tracks Bob Dylan
59%
1994 Illmatic Nas
59%
1996 Pinkerton Weezer
57%
1975 Physical Graffiti Led Zeppelin
54%
1998 In the Aeroplane Over the Sea Neutral Milk Hotel
53%
1989 Paul's Boutique Beastie Boys
51%
2020 Fetch the Bolt Cutters Fiona Apple
51%
1987 Sign o’ the Time Prince
50%
2001 Yankee Hotel Foxtrot Wilco
49%
1971 Tapestry Carole King
48%
1997 Homogenic Björk
47%
1990 Heaven or Las Vegas Cocteau Twins
40%
1997 Either/Or Elliot Smith
35%
1960 Sketches of Spain Miles Davis
30%
1999 The Soft Bulletin The Flaming Lips
30%
No matching quizzes found
Score Distribution
Percent of People with Each Score
Percentile by Number Answered
Your Score History
You have not taken this quiz